Teilformen von Puzzle-Ländern #1 - Statistiken

Allgemein
  • Dieses Quiz wurde 365 mal gespielt
  • Das Durchschnittsergebnis liegt bei 9 aus 15
Antwortstatistiken
Land % Korrekt
Spanien
93%
Australien
91%
Marokko
88%
Senegal
82%
Ägypten
80%
Brasilien
66%
Angola
51%
Saudi-Arabien
46%
Vereinigte Arabische Emirate
45%
Nepal
42%
Guatemala
41%
Iran
41%
Österreich
39%
Äthiopien
38%
Sambia
32%
Keine übereinstimmenden Quizze gefunden
Verteilung der Resultate
Anzahl Personen mit jedem Resultat
Perzentil nach korrekt beantworteten Fragen
Ihre Resultats-Entwicklung
Sie haben dieses Quiz noch nicht gespielt